লোডিং...

Javascript bible, 6th ed

গ্রন্থ-পঞ্জীর বিবরন
প্রধান লেখক: Goodman, Danny
প্রকাশিত: Wiley India 2009
LEADER 00198 a2200097 4500
020
260 |b Wiley India  |c 2009 
942 |c BK  |6 _ 
245 |a Javascript bible, 6th ed 
100 |a Goodman, Danny 
999 |c 56719  |d 56719